01040cam a2200241 450000100060000000300080000600500170001400800410003103500190007204000210009104100080011208200270012010000350014724500560018226000510023830000330028950002190032250400410054161000280058294200120061099900170062295201590063943569BD-RjUL20211209053722.0160625s1955 onc 0 eng u a(BD-RjUL)43687 aTUbengcBD-RjUL aeng00a332.110971 bNEB 1955 1 aNeufeld, Edward Peter.913384610aBank of Canada operations, 1935-54 /cE.P. Neufeld. aToronto :bUniversity of Toronto Press,c1955. aix, 221 p. :bill. ;c25 cm. a"An earlier draft ... was completed at the London School of Economics and Political Science in 1953 ... and was accepted by the University of London in partial fulfilment of the requirements for the Ph. D. (Econ.)" aIncludes bibliographical references.20aBank of Canada.9133848 2ddccBK c43569d43569 00102ddc40708NFICaRUCLbRUCLcE-Booksd1958-01-27ePak American Commercuialg18.12l0o332.110971 NEB 1955r2016-06-25 00:00:00tC-2w2016-06-25yBK